| 000 | 00614nam a2200217Ia 4500 | ||
|---|---|---|---|
| 005 | 20230707090523.0 | ||
| 008 | 140110s9999 xx 000 0 und d | ||
| 020 |
_a9780750939607 _cRs 712 |
||
| 040 | _aLoreto College | ||
| 041 | _aEnglish | ||
| 082 |
_a951 _bCLE |
||
| 100 | _aClements, Jonathan | ||
| 245 | 4 |
_aThe First Emperor of China _cJonathan Clements |
|
| 260 |
_aChalford, Gloucestershire, UK _bSutton Publishing _c2007 |
||
| 300 | _axvi,224p | ||
| 504 | _aIncludes bibliographical references and index | ||
| 650 | _aHistory-China | ||
| 651 | _aChina, History | ||
| 850 | _aLCLIB | ||
| 942 | _cBK | ||
| 999 |
_c30773 _d81252 |
||